<?xml version="1.0" encoding="UTF-8"?>
<record
    xmlns:xsi="http://www.w3.org/2001/XMLSchema-instance"
    xsi:schemaLocation="http://www.loc.gov/MARC21/slim http://www.loc.gov/standards/marcxml/schema/MARC21slim.xsd"
    xmlns="http://www.loc.gov/MARC21/slim">

  <leader>01802nab a2200205 i 4500</leader>
  <controlfield tag="001">BPP</controlfield>
  <controlfield tag="003">BPK</controlfield>
  <controlfield tag="005">20151210090206.0</controlfield>
  <controlfield tag="008">151210s2002    pl  |  |     |000 ||eng</controlfield>
  <datafield tag="040" ind1=" " ind2=" ">
    <subfield code="c">BPK</subfield>
  </datafield>
  <datafield tag="041" ind1=" " ind2=" ">
    <subfield code="a">eng</subfield>
  </datafield>
  <datafield tag="044" ind1=" " ind2=" ">
    <subfield code="a">POL</subfield>
  </datafield>
  <datafield tag="100" ind1=" " ind2=" ">
    <subfield code="a">ANDRIYEVSKYY, Bohdan.</subfield>
    <subfield code="d">2001 - .</subfield>
    <subfield code="b">Politechnika Koszali&#x144;ska - Wydzia&#x142; Elektroniki,</subfield>
    <subfield code="c">Katedra Elektroniki Cia&#x142;a Sta&#x142;ego</subfield>
  </datafield>
  <datafield tag="245" ind1=" " ind2=" ">
    <subfield code="a">Simultaneous pyroelectric and dilatometric studies of phase transitions in triglycine sulphate and glycine phosphite crystals /</subfield>
    <subfield code="c">B. Andriyevsky, V. Kardash, S. Dacko, Z. Czapla.</subfield>
  </datafield>
  <datafield tag="260" ind1=" " ind2=" ">
    <subfield code="c">2001.</subfield>
  </datafield>
  <datafield tag="500" ind1=" " ind2=" ">
    <subfield code="a">Dane z Informatora o publikowanych wynikach prac naukowo-badawczych w 2001 roku Wydzia&#x142;u Elektroniki.</subfield>
  </datafield>
  <datafield tag="520" ind1=" " ind2=" ">
    <subfield code="a">Temperature dependences of the linear dimension L(T) and spontaneous polarization Ps~((T) for triglycine sulphate and glycine phosphite single crystals have been measured in the same run of temperature. A decrease in the spontaneous electrostriction coefficient QL~( of both crystals studied is displayed when approaching the corresponding phase transition point T c~(. A temperature dependence of the coefficients QL~((T) shows that the rates of temperature changes of displacement of the atomic complexes of corresponding crystal structure forming the square of spontaneous polarization Ps~(2~) (promary order parameter) and the displacements of all atomic complexesforming the spontaneous linear thermal expansion &#x3B4;Ls~(/L (secondary order parameter) are different. The applying external electric field E=3x105~) V/m to triglycine sulphate crystal does not influence essentially the temperature dependence of QL~((T) in the temperature range of phase transition below Tc~(.</subfield>
  </datafield>
  <datafield tag="773" ind1=" " ind2=" ">
    <subfield code="i">W :</subfield>
    <subfield code="t">Acta Physica Polonica : A. -</subfield>
    <subfield code="g">2001, Vol. 99, No. 5, s. 593-600</subfield>
  </datafield>
  <datafield tag="942" ind1=" " ind2=" ">
    <subfield code="c">ART</subfield>
    <subfield code="2">UKD</subfield>
  </datafield>
  <datafield tag="999" ind1=" " ind2=" ">
    <subfield code="c">129</subfield>
    <subfield code="d">129</subfield>
  </datafield>
</record>
